Polscy Sportowcy - Statystyki

Ogólne statystyki
  • Ten quiz został rozwiązany 49 razy
  • Średni wynik to 17 z 25
Statystyki odpowiedzi
Podpowiedź Odpowiedź % Poprawnych
M Zdobywca 4 Kryształowych kul za wygranie cyklu Pucharu Świata w skokach narciarskich, oraz zdobywca 4 medali olimpijskich (3 srebrne, 1 brązowy) w tej dyscyplinie Adam Małysz
94%
K Jedyny Polak który wygrał wyścig Formuły 1 Robert Kubica
94%
P 5-krotny mistrz Świata Strongman, po zakończeniu kariery został zawodnikiem MMA Mariusz Pudzianowski
91%
B Piłkarz, zajał 3 miejsce w plebiscycie Złotej Piłki w 1982 roku. W latach 2012-2021 był prezesem PZPN Zbigniew Boniek
91%
Ś Tenisistka, 4-krotnie wygrała turniej Roland Garros Iga Świątek
89%
W 3-krotna mistrzyni olimpijska w rzucie młotem Anita Włodarczyk
85%
Ż Skoczek Narciarski znany ze swoich wywiadów Piotr Żyła
83%
O Napastnik nigeryjskiego pochodzenia występujący na MŚ w 2002 roku Emmanuel Olisadebe
81%
L Polski piłkarz, legenda Stali Mielec, 2-krotny brązowy medalista MŚ, król strzelców MŚ 1974 Grzegorz Lato
81%
G Polski bokser, znany z kontrowersyjnych pojedynków z Riddickiem Bowem czy Mikem Tysonem Andrzej Gołota
79%
Z Żużlowiec, Indywidualny mistrz świata w latach 2019-2020 i 2022-2025 Bartosz Zmarzlik
79%
U Selekcjoner reprezentacji Polski (na dzień 04.01.2026r) Jan Urban
77%
F Bramkarz, reprezentant Polski, który większość swojej kariery spędził na Wyspach Brytyjskich Łukasz Fabiański
74%
J Pływaczka, zdobyła złoty medal na Igrzyskach w Atenach (2004) Otylia Jędrzejczak
72%
T Bramkarz reprezentacji na MŚ w 1974 roku Jan Tomaszewski
68%
D Polski arcymistrz szachowy, zwycięzca Pucharu Świata FIDE w 2021 roku Jan-Krzysztof Duda
64%
R Polski Darter który 2-krotnie dochodził do ćwierćfinału mistrzostw świata w tej dyscyplinie Krzysztof Ratajski
60%
I Były siatkarz grający na pozycji libero, wielokrotny reprezentant Polski Krzysztof Ignaczak
51%
Ł Siatkarz, zdobywca srebrnego medalu igrzysk olimpijskich w Paryżu 2024 Grzegorz Łomacz
47%
A Oszczepniczka, zdobyła srebrny medal olimpijski w Tokio w 2021 roku Maria Andrejczyk
47%
S Wielokrotna medalistka olimpijska, znana z biegów na krótkich dystansach Irena Szewińska
45%
N Judoka, zdobywca złotego medalu IO w 1996 roku Paweł Nastula
40%
C Hokeista występujący w NHL w latach 1992-2006. W roku 2000 wystąpił w pojedynku NHL All-Star Mariusz Czerkawski
36%
E Biegaczka posiadająca marokańskie korzenie specjalizująca się w biegach na 800 i 1500 metrów Sofia Ennaoui
32%
H Żużlowiec, multimedalista Indywidualnych Mistrzostw Świata Jarosław Hampel
28%
Nie znaleziono quizów pasujących do podanych kryteriów
Rozkład punktacji
Procent ludzi z każdym wynikiem
Percentyl według liczby udzielonych odpowiedzi
Twoja historia wyników
Nie rozwiązałeś tego quizu